<?xml version="1.0" encoding="UTF-8"?>
<marc:record xmlns:marc="http://www.loc.gov/MARC21/slim">
   <marc:leader>00000nam a2200000 a 4500</marc:leader>
   <marc:datafield ind1="1" ind2=" " tag="100">
      <marc:subfield code="a">Klenz, Christina</marc:subfield>
      <marc:subfield code="4">ctb</marc:subfield>
      <marc:subfield code="e">Mitwirkende/-r</marc:subfield>
   </marc:datafield>
   <marc:datafield ind1="1" ind2=" " tag="100">
      <marc:subfield code="a">Heiss, Karlheinz</marc:subfield>
      <marc:subfield code="4">ctb</marc:subfield>
      <marc:subfield code="e">Mitwirkende/-r</marc:subfield>
   </marc:datafield>
   <marc:datafield ind1="1" ind2=" " tag="100">
      <marc:subfield code="a">Janetzko, Stephen</marc:subfield>
      <marc:subfield code="4">ctb</marc:subfield>
      <marc:subfield code="e">Mitwirkende/-r</marc:subfield>
   </marc:datafield>
   <marc:datafield ind1="1" ind2=" " tag="100">
      <marc:subfield code="a">Klenz, Maximilian</marc:subfield>
      <marc:subfield code="4">ctb</marc:subfield>
      <marc:subfield code="e">Mitwirkende/-r</marc:subfield>
   </marc:datafield>
   <marc:datafield ind1=" " ind2=" " tag="653">
      <marc:subfield code="a">Grund- und weiterführende Schulen</marc:subfield>
   </marc:datafield>
   <marc:datafield ind1=" " ind2=" " tag="653">
      <marc:subfield code="a">Kassette / Kinder- und Jugendbücher/Vorlesebücher</marc:subfield>
   </marc:datafield>
   <marc:datafield ind1=" " ind2=" " tag="653">
      <marc:subfield code="a">Märchen</marc:subfield>
   </marc:datafield>
   <marc:datafield ind1=" " ind2=" " tag="653">
      <marc:subfield code="a">Sagen</marc:subfield>
   </marc:datafield>
   <marc:datafield ind1=" " ind2=" " tag="653">
      <marc:subfield code="a">Reime</marc:subfield>
   </marc:datafield>
   <marc:datafield ind1=" " ind2=" " tag="653">
      <marc:subfield code="a">Lieder</marc:subfield>
   </marc:datafield>
   <marc:datafield ind1=" " ind2=" " tag="653">
      <marc:subfield code="a">CD</marc:subfield>
   </marc:datafield>
   <marc:datafield ind1=" " ind2=" " tag="653">
      <marc:subfield code="a">Vorlesebücher</marc:subfield>
   </marc:datafield>
   <marc:datafield ind1="0" ind2="0" tag="245">
      <marc:subfield code="a">Gute Nacht, flüstert die Elfe</marc:subfield>
   </marc:datafield>
   <marc:datafield ind1="0" ind2="0" tag="245">
      <marc:subfield code="b">eine zauberhafte Einschlafgeschichte mit Traummusik und Fantasiereise</marc:subfield>
   </marc:datafield>
   <marc:datafield ind1="0" ind2="0" tag="245">
      <marc:subfield code="c">Christina Klenz. Klavier: Karlheinz Heiss. Blockflöte: Maximilian Klenz. Audionachbearb. sowie Gesamtleitung: Stephen Janetzko</marc:subfield>
   </marc:datafield>
   <marc:datafield ind1=" " ind2="1" tag="264">
      <marc:subfield code="a">Erlangen</marc:subfield>
      <marc:subfield code="b">Janetzko</marc:subfield>
      <marc:subfield code="c">2014</marc:subfield>
   </marc:datafield>
   <marc:datafield ind1="1" ind2=" " tag="520">
      <marc:subfield code="a">Angaben aus der Verlagsmeldung

Gute Nacht, flüstert die Elfe : Eine zauberhafte Einschlafgeschichte mit Traummusik und Fantasiereise / von Christina Klenz

Die Waldelfe Sinana lernt in ihrem Wald die vom Kurs abgekommene Möwe Mara kennen. Sinana war noch nie am Meer und bittet Möwe Mara sie mitzunehmen. Am Meer angekommen, trifft Sinana auf die Meerelfe Malina. Eine Freundschaft entsteht zwischen den beiden unterschiedlichen Elfen. Malina zeigt Sinana ihre Welt.
„Gute Nacht, flüstert die Elfe“ ist eine beruhigende Einschlafgeschichte mit harmonisierender Musik für Kinder ab 3 Jahren. Die Geschichte kommt ohne Spannung aus und lenkt die Aufmerksamkeit auf sinnliche Dinge, was mit der im Anschluss folgenden Traumreise vertieft wird, ohne manipulativ zu wirken. Mit illustriertem Booklet inkl. Geschichte zum Vorlesen und Traumreise!
CD-Inhalt:
1. Vorspiel (Instrumental) 1:39
2. Die Waldelfe Sinana 1:56
3. Waldtanz 1:51
4. Die Möwe Mara 1:24
5. Nimm mich mit, Mara! 1:03
6. Reise ans Meer 2:02
7. Fliegen 1:01
8. Willkommen am Meer! 1:06
9. Das Meer 1:08
10. Die Meerelfe Malina 1:42
11. Wasserwelt 1:52
12. In Malinas Wasserwelt 2:49
13. Ein Bernstein als Andenken 1:30
14. Abschied der Elfen 0:53
15. Müde vor dem Einschlafen 0:50
16. Gute Nacht (Instrumental) 1:41
17. Sinanas Traumreise 7:23
18. Waldtanz (Instrumental) 1:51
19. Reise ans Meer (Instrumental) 2:02
20. Wasserwelt (Instrumental) 1:52
Gesamtspielzeit ca. 38:16 min.
</marc:subfield>
   </marc:datafield>
   <marc:datafield ind1=" " ind2=" " tag="020">
      <marc:subfield code="a">9783957220554</marc:subfield>
      <marc:subfield code="9">9783957220554</marc:subfield>
   </marc:datafield>
   <marc:datafield ind1=" " ind2=" " tag="041">
      <marc:subfield code="a">ger</marc:subfield>
   </marc:datafield>
   <marc:datafield ind1=" " ind2=" " tag="300">
      <marc:subfield code="a">1 CD (38 Min.)</marc:subfield>
   </marc:datafield>
</marc:record>
